000 00490nam a2200157Ia 4500
999 _c19254
_d19254
003 OSt
005 20200616115600.0
008 190216s9999||||xx |||||||||||||| ||und||
040 _coclc
082 _a309.154
_bASH/L
100 _aAshraf, K M
_92967
245 0 _aLife And Conditions Of The People Of Hindustan /
_cK M Ashraf
260 _bMunshiram Manoharlal Pub Pvt Ltd,
_c1970.
_aNew Delhi:
300 _a312p
942 _cBK
_2ddc
_h309.154
_iASH/L
_k309.154
_mASH/L